000 00616nam a22002177a 4500
003 OSt
005 20140310184317.0
008 121109t xxu||||| |||| 00| 0 eng d
020 _a0439698677
050 _aPZ 7
_b.G423 2004
100 _aCarol Ghiglieri ; Monika Melnychuck
_930021
245 _aMookie is Missing! /
_cCarol Ghiglieri ;Monika melnychuck
260 _aNew York :
_bScholastic Inc.,
_c2004.
300 _g20 cm.
_a31 p. :
_bill. ;
521 _aG2
526 _c480
700 _aCarol Ghiglieri ; Monika melnychuck
_930022
942 _2lcc
_cBK-SCHOLAS
999 _c33573
_d33573